000 00424nam a2200181Ia 4500
005 20250423094552.0
008 250422s9999 xx 000 0 und d
020 _a1861005598 :
050 _aQA 76 .76 .H94 .B41/
245 0 _aBeginning XML
250 _a2nd ed.
260 _aAcocks Green
260 _bWrox Press
260 _cc2001
300 _a785 p
650 _aXML (Document markup language)
942 _cBK
999 _c27634
_d27634